Apuntes CENES

Detalles Bibliográficos
Formato: eBook
Lenguaje:español
Publicado: Bogot:̀ Universidad Pedagg̤ica y Tecnolg̤ica de Colombia , 2004 -
Materias:
Acceso en línea:Acceso restringido

MARC

LEADER 00000nam a22000007a 4500
005 20130621143330.0
007 cr|||| ||||
008 130621c20049999co |||| s|||| 0|||a1spa d
035 |a 7285 
040 |a vLex 
090 |c 4376  |d 4376 
245 0 0 |a Apuntes CENES  |h [Recurso electrn̤ico] 
256 |a Servicio en ln̕ea 
260 |a Bogot:̀  |b Universidad Pedagg̤ica y Tecnolg̤ica de Colombia ,  |c 2004 - 
300 |a 1 recurso electrn̤ico 
310 |a Bianual 
506 1 |a Contenido solo disponible en los productos indicados  |d vLex Global  |d vLex Global (Academic Edition, excluding Law Schools)  |d vLex Global (U.S. Academic Edition, Law Schools)  |d vLex Global (U.S. Academic Edition, excluding Law Schools)  |d vLex Global (Academic Edition, Law Schools) 
650 0 4 |a Economia  |v Revistas 
740 0 |a vLex Revistas (Servicio en ln̕ea) 
856 4 0 |u http://vlex.com/source/apuntes-cenes-7285  |z Acceso restringido 
942 |c REV 
999 0 |a Economics